Elektrochémia niektorých typov biomakromolekúl
Salvato in:
| Autore principale: | |
|---|---|
| Altri autori: | |
| Natura: | Manoscritto Libro |
| Lingua: | slovacco |
| Pubblicazione: |
2020
|
| Soggetti: | |
| Accesso online: | http://is.stuba.sk/zp/portal_zp.pl?podrobnosti=150710 |
| Tags: |
Nessun Tag, puoi essere il primo ad aggiungerne!!
|
MARC
| LEADER | 00000ntm a22000003a 4500 | ||
|---|---|---|---|
| 001 | stuzp78862 | ||
| 003 | SK-STU | ||
| 005 | 20200627210432.3 | ||
| 007 | ta | ||
| 008 | 150427s2015----xo-----f-mn---000-0-slo-d | ||
| 040 | |a STU |b slo | ||
| 041 | 0 | |a slo | |
| 100 | 1 | |a Dunajová, Martina |u 042120 |4 aut |U FCHPT Ústav anorganickej chémie, technológie a materiálov |T FCHPT Oddelenie anorganickej technológie |X 81909 |U C2120 |Y 111 |7 81909 | |
| 242 | 0 | 1 | |a Electrochemistry of the selected biomacromolecules |y eng |
| 245 | 1 | 0 | |a Elektrochémia niektorých typov biomakromolekúl |
| 260 | |c 2020 | ||
| 650 | 4 | |a kyselina hyalurónová |2 slo | |
| 650 | 4 | |a oligosacharidy kyseliny hyalurónovej |2 slo | |
| 650 | 4 | |a AC voltampérometria |2 slo | |
| 650 | 4 | |a ortuťová elektróda |2 slo | |
| 650 | 4 | |a Hyaluronic acid |2 eng | |
| 650 | 4 | |a hyaluronan oligosaccharides |2 eng | |
| 650 | 4 | |a AC voltammetry |2 eng | |
| 650 | 4 | |a mercury electrode |2 eng | |
| 700 | 1 | |a Gál, Miroslav |u 042120 |k Z1 |4 ths |U FCHPT Ústav anorganickej chémie, technológie a materiálov |T FCHPT Oddelenie anorganickej technológie |X 70968 |U C2120 |Y 111 |7 A0000070968 | |
| 856 | 4 | |u http://is.stuba.sk/zp/portal_zp.pl?podrobnosti=150710 | |